[Event "Niedersachsen-ch op-B"]
[Site "Verden an der Aller"]
[Date "2020.01.02"]
[Round "1"]
[White "Baldauf, Karsten"]
[Black "Lu, Yunong Elias"]
[Result "1-0"]
[WhiteElo "1635"]
[BlackElo "1397"]
[PlyCount "57"]
[EventDate "2020.01.02"]
[EventType "swiss"]
[EventRounds "7"]
[EventCountry "GER"]
[SourceTitle "EXT 2023"]
[Source "ChessBase"]
[SourceDate "2022.10.05"]
[SourceVersion "1"]
[SourceVersionDate "2022.10.05"]
[SourceQuality "1"]

1. c4 c5 2. Nc3 Nf6 3. e4 Nc6 4. g3 e6 5. Bg2 Be7 6. Nge2 0-0 7. 0-0 a6 8. Rb1 Rb8 9. d3 b5 10. b3 b4 11. Na4 d5 12. exd5 exd5 13. Bf4 Rb7 14. d4 Rd7 15. Bh3 Ra7 16. Bg2 Rd7 17. Nxc5 Bxc5 18. dxc5 dxc4 19. Qc1 Nd4 20. Qxc4 Re8 21. Rfe1 Bb7 22. c6 Bxc6 23. Bxc6 Nxe2+ 24. Rxe2 Rd1+ 25. Kg2 Rxe2 26. Rxd1 Qxd1 27. Bf3 Rxf2+ 28. Kxf2 Qd8 29. Qxb4 1-0

[Event "Lueneburg distr-ch Meister"]
[Site "Muenster"]
[Date "2019.10.18"]
[Round "3"]
[White "Bargsten, Justus"]
[Black "Baldauf, Karsten"]
[Result "1-0"]
[WhiteElo "1942"]
[BlackElo "1630"]
[PlyCount "21"]
[EventDate "2019.10.17"]
[EventType "swiss"]
[EventRounds "7"]
[EventCountry "GER"]
[SourceTitle "EXT 2023"]
[Source "ChessBase"]
[SourceDate "2022.10.05"]
[SourceVersion "1"]
[SourceVersionDate "2022.10.05"]
[SourceQuality "1"]

1. d4 d5 2. c4 Nc6 3. cxd5 Qxd5 4. e3 e5 5. Nc3 Bb4 6. Bd2 Bxc3 7. bxc3 Na5 8. Nf3 Bg4 9. Qa4+ Bd7 10. Qc2 Bf5 11. Qxf5 1-0

[Event "Lueneburg distr-ch Haupt"]
[Site "Bergen"]
[Date "2018.10.12"]
[Round "3.7"]
[White "Baldauf, Karsten"]
[Black "Dunker, Lueder"]
[Result "1-0"]
[WhiteElo "1605"]
[BlackElo "1487"]
[PlyCount "49"]
[EventDate "2018.10.11"]
[EventType "swiss"]
[EventRounds "7"]
[EventCountry "GER"]
[SourceTitle "EXT 2020"]
[Source "ChessBase"]
[SourceDate "2019.10.17"]
[SourceVersion "1"]
[SourceVersionDate "2019.10.17"]
[SourceQuality "1"]

1. c4 e6 2. Nc3 Nf6 3. d4 b6 4. Nf3 Bb7 5. d5 Na6 6. a3 d6 7. b4 c5 8. b5 Nc7 9. e4 e5 10. Bd2 Be7 11. Bd3 Bc8 12. 0-0 Bg4 13. h3 Bh5 14. g4 Bg6 15. Ne1 Qd7 16. f4 h5 17. f5 hxg4 18. fxg6 g3 19. gxf7+ Kxf7 20. Qg4 Qxg4 21. hxg4 Rh2 22. Nf3 g2 23. Nxh2 gxf1Q+ 24. Rxf1 Rh8 25. g5 1-0

[Event "Niedersachsen-ch op B"]
[Site "Verden"]
[Date "2018.01.06"]
[Round "5"]
[White "Hallfarth, Freya"]
[Black "Baldauf, Karsten"]
[Result "0-1"]
[WhiteElo "1508"]
[BlackElo "1593"]
[PlyCount "42"]
[EventDate "2018.01.04"]
[EventType "swiss"]
[EventRounds "7"]
[EventCountry "GER"]
[SourceTitle "EXT 2022"]
[Source "ChessBase"]
[SourceDate "2021.10.06"]
[SourceVersion "1"]
[SourceVersionDate "2021.10.06"]
[SourceQuality "1"]

1. d4 d5 2. Nf3 Nc6 3. e3 Bg4 4. Be2 Nf6 5. h3 Bf5 6. Nbd2 Nb4 7. Bd3 Nxd3+ 8. cxd3 Bxd3 9. Qb3 Ba6 10. Ne5 c6 11. Nd3 Bxd3 12. Qxd3 e6 13. 0-0 Bd6 14. Re1 0-0 15. f3 Re8 16. e4 e5 17. dxe5 Bxe5 18. exd5 Bh2+ 19. Kf2 Qb6+ 20. Re3 Rxe3 21. Qxe3 Bg1+ 0-1

[Event "Niedersachsen-ch op B"]
[Site "Verden"]
[Date "2018.01.04"]
[Round "2"]
[White "Lau, Robert1111"]
[Black "Baldauf, Karsten"]
[Result "1/2-1/2"]
[WhiteElo "1509"]
[BlackElo "1593"]
[PlyCount "54"]
[EventDate "2018.01.04"]
[EventType "swiss"]
[EventRounds "7"]
[EventCountry "GER"]
[SourceTitle "EXT 2022"]
[Source "ChessBase"]
[SourceDate "2021.10.06"]
[SourceVersion "1"]
[SourceVersionDate "2021.10.06"]
[SourceQuality "1"]

1. e4 c5 2. Nf3 e6 3. d4 cxd4 4. Nxd4 Bc5 5. Be3 Qb6 6. b3 Nc6 7. c3 Nf6 8. f3 d5 9. Bb5 0-0 10. Bxc6 bxc6 11. e5 Nd7 12. f4 Bxd4 13. Bxd4 c5 14. Bf2 Ba6 15. Nd2 f6 16. c4 fxe5 17. 0-0 exf4 18. Qg4 d4 19. Rae1 Rae8 20. Bh4 Nf6 21. Qxf4 Nd5 22. Qe5 Ne3 23. Rxf8+ Rxf8 24. Ne4 Qc6 25. Bf2 Rf5 26. Qb8+ Rf8 27. Qe5 Rf5 1/2-1/2

[Event "Lueneburg distr-ch Haupt"]
[Site "Tostedt"]
[Date "2015.10.24"]
[Round "6.5"]
[White "Nannt, Michael"]
[Black "Baldauf, Karsten"]
[Result "1/2-1/2"]
[WhiteElo "1627"]
[BlackElo "1639"]
[PlyCount "43"]
[EventDate "2015.10.22"]
[EventType "swiss"]
[EventRounds "7"]
[EventCountry "GER"]
[SourceTitle "EXT 2019"]
[Source "ChessBase"]
[SourceDate "2018.10.10"]
[SourceVersion "1"]
[SourceVersionDate "2018.10.10"]
[SourceQuality "1"]

1. e4 c5 2. Nc3 g6 3. f4 Bg7 4. Nf3 e6 5. Bc4 Ne7 6. 0-0 0-0 7. Qe1 d5 8. Be2 d4 9. Nd1 a6 10. d3 Nbc6 11. e5 b6 12. a3 Bb7 13. Nf2 Nd5 14. Ne4 Nce7 15. Qh4 Nf5 16. Qxd8 Rfxd8 17. Re1 Nde3 18. Bd1 Bxe4 19. dxe4 Nxd1 20. exf5 Ne3 21. Bxe3 dxe3 22. f6 1/2-1/2

[Event "Lueneburg op-B"]
[Site "Lueneburg"]
[Date "2015.08.15"]
[Round "1"]
[White "Baldauf, Karsten"]
[Black "Wallat, Alexandra"]
[Result "1-0"]
[WhiteElo "1688"]
[BlackElo "963"]
[PlyCount "99"]
[EventDate "2015.08.15"]
[EventType "swiss"]
[EventRounds "9"]
[EventCountry "GER"]
[SourceTitle "EXT 2016"]
[Source "ChessBase"]
[SourceDate "2015.10.08"]
[SourceVersion "1"]
[SourceVersionDate "2015.10.08"]
[SourceQuality "1"]

1. d4 Nf6 2. c4 g6 3. Nc3 Bg7 4. g3 0-0 5. Bg2 d6 6. Nf3 e6 7. 0-0 Nc6 8. e4 Nd7 9. Be3 b6 10. Rc1 Bb7 11. d5 exd5 12. exd5 Nce5 13. Nxe5 Nxe5 14. b3 Qd7 15. h3 Qf5 16. Nb5 Rfc8 17. f4 Nd7 18. Nd4 Qf6 19. Nf3 Qe7 20. Re1 Qf6 21. Bd4 Qd8 22. Bxg7 Kxg7 23. Ng5 Qf6 24. Ne4 Qb2 25. Rc2 Qa3 26. Qd4+ Kg8 27. Rce2 Re8 28. Nf6+ Nxf6 29. Qxf6 Rxe2 30. Rxe2 Qc1+ 31. Kh2 Qd1 32. Re7 Rf8 33. Rxc7 Bc8 34. Qxd6 Qd2 35. Rxa7 Bf5 36. Qe7 Kg7 37. Qe5+ Kg8 38. g4 Bd3 39. Kg3 Bb1 40. d6 Qd3+ 41. Kh4 Qd2 42. Bd5 Qf2+ 43. Kg5 h6+ 44. Kf6 Qh4+ 45. g5 hxg5 46. Bxf7+ Kh7 47. Qxg5 Qxg5+ 48. Kxg5 Kg7 49. Bxg6+ Kg8 50. Bxb1 1-0